Caricamento...

Equadiff IV

Dettagli Bibliografici
Altri autori: Fabera, Jiri (Redattore)
Natura: Printed Book
Pubblicazione: Springer-Verlag, Berlin 1979
Serie:Lecture Notes in Mathematics, No.0703
Soggetti:
LEADER 00509nam a2200169 4500
082 |a R LNM.0703 
100 |a Fabera, Jiri,   |e Editor 
245 |a Equadiff IV  |c Jiri Fabera  
250
260 |a Springer-Verlag, Berlin  |c 1979 
300
490 |a Lecture Notes in Mathematics, No.0703 
650 |a Lecture Notes in Mathematics 
700 |e Editor 
942 |c BK 
999 |c 201734  |d 201734 
952 |0 0  |1 0  |4 0  |6 R_LNM_0703_000000000000000  |7 0  |9 215083  |a MAT  |b MAT  |l 0  |o R LNM.0703  |p MAT2831  |r 2019-11-01  |w 2019-11-01  |y BK